| 000 | 00569nam a22001817a 4500 | ||
|---|---|---|---|
| 999 |
_c8429 _d8429 |
||
| 008 | 201124b ||||| |||| 00| 0 eng d | ||
| 040 | _aBMS College of Architecture | ||
| 100 | _aKutty, K Anusree | ||
| 245 | _aMasaw : fraternirty for the visually challenged | ||
| 300 | _a88p. | ||
| 500 | _a1BM14AT013 | ||
| 502 |
_8B,Arch _NBMS College of Architecture, Visvesvaraya Technological University _aProject report _d2018 |
||
| 650 | _aFraternirty | ||
| 650 | _a Visually challenged | ||
| 700 |
_aShantala V _eGuide |
||
| 700 |
_aVinay Nandish _eGuide |
||
| 942 |
_2ddc _cTHE |
||